Misspelled Actors: First or Last Name? Quiz Stats

 Plays Quiz Updated Mar 30, 2016

Also try: My Good Name...
Challenge
Share
Tweet
Embed
Score 0/18 Timer 04:00
7 Plays Today
(A) First name Is A or B misspelled? % Correct
Shia???
87.9%
Gwenyth???
86.5%
Haydn???
83.7%
Ralph???
77.4%
Lia???
76.7%
René???
75.7%
Kiera???
74.3%
Carol???
74.2%
Zoey???
73.1%
(A) First name Is A or B misspelled? % Correct
Scarlet???
69.9%
Rachael???
69.6%
Zach???
68.4%
Chiwetel???
64.1%
Famke???
60.4%
Tobey???
56.8%
Milla???
47.3%
Annette???
43.3%
Hedy???
39.5%

You're not logged in!

Compare scores with friends on all Sporcle quizzes.
Join for Free
OR
Log In

You Might Also Like...

Show Comments

Extras

Top Quizzes Today


Score Distribution

Your Account Isn't Verified!

In order to create a playlist on Sporcle, you need to verify the email address you used during registration. Go to your Sporcle Settings to finish the process.

Report this User

Report this user for behavior that violates our Community Guidelines.

Details: